[Event "PRAGUE OPEN 2020 - A - IM open"]
[Site "?"]
[Date "2020.01.14"]
[Round "6"]
[White "Ochedzan, Tymon"]
[Black "Malovanyi, Yulian"]
[Result "1-0"]
[BlackElo "2360"]
[WhiteElo "2140"]
[LiveChessVersion "1.4.8"]

1. e4 {[%clk 1:30:57]} c5 {[%clk 1:28:55]} 2. Nf3 {[%clk 1:31:20]} Nc6
{[%clk 1:29:17]} 3. d4 {[%clk 1:31:24]} cxd4 {[%clk 1:29:36]} 4. Nxd4
{[%clk 1:31:47]} g6 {[%clk 1:30:03]} 5. c4 {[%clk 1:31:19]} Bg7 {[%clk 1:30:00]}
6. Be3 {[%clk 1:31:31]} Nf6 {[%clk 1:30:24]} 7. Nc3 {[%clk 1:31:16]} O-O
{[%clk 1:26:04]} 8. Be2 {[%clk 1:29:43]} d6 {[%clk 1:26:28]} 9. Nc2
{[%clk 1:22:52]} Nd7 {[%clk 1:21:14]} 10. O-O {[%clk 1:20:21]} Bxc3
{[%clk 1:15:51]} 11. bxc3 {[%clk 1:20:45]} Nc5 {[%clk 1:15:34]} 12. f3
{[%clk 1:18:55]} Qa5 {[%clk 1:14:06]} 13. Qd2 {[%clk 1:17:14]} Na4
{[%clk 1:11:13]} 14. Nb4 {[%clk 1:13:42]} Nxc3 {[%clk 1:09:14]} 15. Nxc6
{[%clk 1:13:24]} Nxe2+ {[%clk 0:17:29]} 16. Kf2 {[%clk 1:13:16]} Qc7
{[%clk 0:16:11]} 17. Nxa7 {[%clk 0:59:25]} Rxa7 {[%clk 0:14:26]} 18. Bxa7
{[%clk 0:59:29]} b6 {[%clk 0:14:34]} 19. Qxe2 {[%clk 0:58:49]} Qxa7
{[%clk 0:15:03]} 20. Qe3 {[%clk 0:56:04]} Be6 {[%clk 0:15:28]} 21. Rfb1
{[%clk 0:50:17]} Rb8 {[%clk 0:15:22]} 22. a4 {[%clk 0:49:17]} Rb7
{[%clk 0:11:52]} 23. Qd4 {[%clk 0:39:51]} f6 {[%clk 0:09:51]} 24. g3
{[%clk 0:36:09]} Kf7 {[%clk 0:09:59]} 25. Kg2 {[%clk 0:36:13]} Qa6
{[%clk 0:10:15]} 26. Rb4 {[%clk 0:34:10]} Qa5 {[%clk 0:06:31]} 27. Rb5
{[%clk 0:34:14]} Qa6 {[%clk 0:06:48]} 28. f4 {[%clk 0:31:54]} Bd7
{[%clk 0:05:30]} 29. Rb4 {[%clk 0:31:15]} Bc6 {[%clk 0:05:44]} 30. Kf2
{[%clk 0:25:56]} Qa5 {[%clk 0:05:55]} 31. Rab1 {[%clk 0:24:43]} Qh5
{[%clk 0:05:11]} 32. h4 {[%clk 0:22:09]} f5 {[%clk 0:02:19]} 33. Qd1
{[%clk 0:07:15]} Qxd1 {[%clk 0:00:35]} 34. Rxd1 {[%clk 0:07:38]} Bxe4
{[%clk 0:01:00]} 35. Ra1 {[%clk 0:07:27]} Rc7 {[%clk 0:00:51]} 36. Ke3
{[%clk 0:06:45]} d5 {[%clk 0:00:36]} 37. Rc1 {[%clk 0:03:47]} Rc6
{[%clk 0:01:04]} 38. Rc3 {[%clk 0:03:31]} Ke8 {[%clk 0:00:45]} 39. Kd2
{[%clk 0:02:10]} Rd6 {[%clk 0:00:32]} 40. c5 {[%clk 0:01:35]} bxc5
{[%clk 0:00:58]} 41. Rxc5 {[%clk 0:01:59]} d4 {[%clk 0:01:06]} 42. a5
{[%clk 0:29:42]} d3 {[%clk 0:31:23]} 43. Ra4 {[%clk 0:26:48]} Ra6
{[%clk 0:30:29]} 44. Rb5 {[%clk 0:24:36]} Kd7 {[%clk 0:30:34]} 45. Rb6
{[%clk 0:24:51]} Ra7 {[%clk 0:30:57]} 46. a6 {[%clk 0:24:52]} Kc7
{[%clk 0:31:12]} 47. Rb2 {[%clk 0:24:43]} e6 {[%clk 0:30:27]} 48. Rc4+
{[%clk 0:23:45]} Bc6 {[%clk 0:30:26]} 49. Ra2 {[%clk 0:23:37]} Kb6
{[%clk 0:30:14]} 50. Rb4+ {[%clk 0:22:18]} Kc5 {[%clk 0:29:47]} 51. Rb3
{[%clk 0:20:37]} Be4 {[%clk 0:29:26]} 52. Rxd3 {[%clk 0:13:13]} Bxd3
{[%clk 0:29:12]} 53. Kxd3 {[%clk 0:13:39]} Rd7+ {[%clk 0:22:38]} 54. Kc3
{[%clk 0:13:21]} Ra7 {[%clk 0:23:00]} 55. Ra3 {[%clk 0:12:20]} h6
{[%clk 0:21:39]} 56. Ra1 {[%clk 0:11:44]} Kd5 {[%clk 0:16:43]} 57. Kb4
{[%clk 0:11:43]} Ke4 {[%clk 0:16:33]} 58. Re1+ {[%clk 0:10:37]} Kf3
{[%clk 0:16:51]} 59. Rxe6 {[%clk 0:10:47]} Rg7 {[%clk 0:15:27]} 60. Kb5
{[%clk 0:06:18]} Kxg3 {[%clk 0:15:07]} 61. Kb6 {[%clk 0:06:07]} Kxf4
{[%clk 0:11:04]} 62. a7 {[%clk 0:06:13]} Rg8 {[%clk 0:10:30]} 63. Kb7
{[%clk 0:05:57]} Rg7+ {[%clk 0:09:55]} 64. Ka6 {[%clk 0:05:53]} Rxa7+
{[%clk 0:03:16]} 65. Kxa7 {[%clk 0:06:18]} Kg4 {[%clk 0:00:40]} 66. Rxg6+
{[%clk 0:06:08]} Kxh4 {[%clk 0:00:46]} 67. Kb6 {[%clk 0:06:18]} h5
{[%clk 0:00:47]} 68. Kc5 {[%clk 0:06:31]} Kh3 {[%clk 0:01:11]} 69. Kd4
{[%clk 0:06:48]} h4 {[%clk 0:01:36]} 70. Ke3 {[%clk 0:07:10]} Kh2
{[%clk 0:02:02]} 71. Kf2 {[%clk 0:07:32]} h3 {[%clk 0:02:26]} 72. Rh6
{[%clk 0:07:58]} 1-0

[Event "PRAGUE OPEN 2020 - A - IM open"]
[Site "?"]
[Date "2020.01.14"]
[Round "6"]
[White "Kvaloy, Aksel Bu"]
[Black "Priehoda, Vitezslav"]
[Result "1/2-1/2"]
[BlackElo "2341"]
[WhiteElo "2132"]
[LiveChessVersion "1.4.8"]

1. e4 {[%clk 1:30:50]} Nc6 {[%clk 1:30:50]} 2. Nc3 {[%clk 1:26:26]} e5
{[%clk 1:27:59]} 3. Nf3 {[%clk 1:26:05]} d6 {[%clk 1:25:03]} 4. d4
{[%clk 1:24:58]} Bd7 {[%clk 1:22:14]} 5. Bc4 {[%clk 1:22:36]} h6 {[%clk 1:15:49]}
6. Be3 {[%clk 1:12:12]} Nf6 {[%clk 1:12:13]} 7. h3 {[%clk 1:06:32]} a6
{[%clk 1:12:39]} 8. a4 {[%clk 1:02:55]} g5 {[%clk 1:12:33]} 9. Qd2
{[%clk 0:56:55]} Bg7 {[%clk 1:04:28]} 10. dxe5 {[%clk 0:53:26]} dxe5
{[%clk 0:58:54]} 11. Bc5 {[%clk 0:51:48]} Be6 {[%clk 0:53:46]} 12. Bxe6
{[%clk 0:49:41]} Qxd2+ {[%clk 0:46:29]} 13. Nxd2 {[%clk 0:50:02]} fxe6
{[%clk 0:46:57]} 14. a5 {[%clk 0:41:09]} O-O-O {[%clk 0:42:52]} 15. Nb3
{[%clk 0:33:55]} Nd4 {[%clk 0:41:22]} 16. O-O-O {[%clk 0:29:44]} Nxb3+
{[%clk 0:39:50]} 17. cxb3 {[%clk 0:30:07]} Rxd1+ {[%clk 0:39:53]} 18. Rxd1
{[%clk 0:22:59]} Bf8 {[%clk 0:39:10]} 19. b4 {[%clk 0:19:13]} Nd7
{[%clk 0:39:10]} 20. Na4 {[%clk 0:15:38]} Bxc5 {[%clk 0:32:51]} 21. Nxc5
{[%clk 0:15:55]} Nxc5 {[%clk 0:32:14]} 22. bxc5 {[%clk 0:16:21]} Rf8
{[%clk 0:32:08]} 23. Rd2 {[%clk 0:06:19]} h5 {[%clk 0:26:15]} 24. Kd1
{[%clk 0:03:58]} Rf4 {[%clk 0:24:34]} 25. Re2 {[%clk 0:01:55]} Kd7
{[%clk 0:24:48]} 26. Kc2 {[%clk 0:01:57]} Kc6 {[%clk 0:24:41]} 27. b4
{[%clk 0:02:07]} g4 {[%clk 0:17:35]} 28. hxg4 {[%clk 0:01:41]} Rxg4
{[%clk 0:16:52]} 29. g3 {[%clk 0:01:00]} h4 {[%clk 0:17:17]} 30. gxh4
{[%clk 0:00:43]} Rxh4 {[%clk 0:17:42]} 31. Re3 {[%clk 0:00:39]} Rf4
{[%clk 0:17:57]} 32. f3 {[%clk 0:00:53]} Rh4 {[%clk 0:18:10]} 33. Kb3
{[%clk 0:00:44]} Kb5 {[%clk 0:14:27]} 34. Rc3 {[%clk 0:00:37]} Kc6
{[%clk 0:10:58]} 35. Kc4 {[%clk 0:00:49]} Rh1 {[%clk 0:11:12]} 36. Rd3
{[%clk 0:00:42]} Rc1+ {[%clk 0:11:36]} 37. Rc3 {[%clk 0:01:03]} Rd1
{[%clk 0:09:30]} 38. Kb3 {[%clk 0:00:36]} Rd2 {[%clk 0:07:21]} 39. Rc1
{[%clk 0:00:35]} Rd4 {[%clk 0:04:46]} 40. Rc4 {[%clk 0:00:42]} Rd1
{[%clk 0:03:47]} 41. Rc3 {[%clk 0:28:27]} Rb1+ {[%clk 0:29:09]} 42. Kc4
{[%clk 0:26:56]} Rd1 {[%clk 0:28:24]} 43. Kb3 {[%clk 0:26:09]} Rd8
{[%clk 0:28:31]} 44. Ka3 {[%clk 0:21:17]} Rd4 {[%clk 0:23:52]} 45. Ka4
{[%clk 0:21:04]} Rd1 {[%clk 0:22:56]} 46. Kb3 {[%clk 0:17:16]} Rb1+
{[%clk 0:23:20]} 47. Ka3 {[%clk 0:16:35]} Kd7 {[%clk 0:16:31]} 48. c6+
{[%clk 0:14:49]} 1/2-1/2

[Event "PRAGUE OPEN 2020 - A - IM open"]
[Site "?"]
[Date "2020.01.14"]
[Round "6"]
[White "Domogaev, Sergey"]
[Black "Ptacnikova, Lenka"]
[Result "1-0"]
[BlackElo "2076"]
[WhiteElo "2334"]
[LiveChessVersion "1.4.8"]

1. d4 {[%clk 1:30:56]} Nf6 {[%clk 1:30:56]} 2. c4 {[%clk 1:31:17]} e6
{[%clk 1:31:23]} 3. Nf3 {[%clk 1:31:28]} Bb4+ {[%clk 1:31:48]} 4. Nbd2
{[%clk 1:31:36]} O-O {[%clk 1:32:01]} 5. a3 {[%clk 1:31:56]} Be7 {[%clk 1:32:26]}
6. e4 {[%clk 1:32:13]} d6 {[%clk 1:32:40]} 7. Be2 {[%clk 1:31:19]} Nfd7
{[%clk 1:29:58]} 8. b3 {[%clk 1:30:14]} e5 {[%clk 1:28:51]} 9. d5
{[%clk 1:30:15]} a5 {[%clk 1:27:44]} 10. Bb2 {[%clk 1:27:57]} Na6
{[%clk 1:21:09]} 11. O-O {[%clk 1:22:30]} g6 {[%clk 1:17:04]} 12. b4
{[%clk 1:22:42]} f5 {[%clk 1:16:27]} 13. c5 {[%clk 1:22:23]} Nf6 {[%clk 1:09:07]}
14. exf5 {[%clk 1:16:23]} Bxf5 {[%clk 1:05:59]} 15. Nc4 {[%clk 1:08:37]} axb4
{[%clk 0:59:42]} 16. cxd6 {[%clk 1:02:44]} cxd6 {[%clk 0:59:42]} 17. Nfxe5
{[%clk 1:02:54]} bxa3 {[%clk 0:53:15]} 18. Bxa3 {[%clk 0:54:11]} Ne4
{[%clk 0:50:19]} 19. Ng4 {[%clk 0:51:33]} Nc3 {[%clk 0:41:44]} 20. Bb2
{[%clk 0:49:55]} Nxe2+ {[%clk 0:37:37]} 21. Qxe2 {[%clk 0:49:05]} Bxg4
{[%clk 0:37:20]} 22. Qxg4 {[%clk 0:49:27]} b5 {[%clk 0:35:42]} 23. Na5
{[%clk 0:44:33]} Bf6 {[%clk 0:32:12]} 24. Qe6+ {[%clk 0:42:34]} Kg7
{[%clk 0:31:52]} 25. Nc6 {[%clk 0:42:54]} Qc7 {[%clk 0:31:38]} 26. Nd4
{[%clk 0:42:53]} Nc5 {[%clk 0:31:22]} 27. Rxa8 {[%clk 0:43:11]} Qb6
{[%clk 0:25:55]} 28. Rxf8 {[%clk 0:43:06]} 1-0

[Event "PRAGUE OPEN 2020 - A - IM open"]
[Site "?"]
[Date "2020.01.14"]
[Round "6"]
[White "Hajiyev, Kanan"]
[Black "Nasshan, Dennis"]
[Result "1/2-1/2"]
[BlackElo "2307"]
[WhiteElo "1996"]
[LiveChessVersion "1.4.8"]

1. d4 {[%clk 1:24:29]} Nf6 {[%clk 1:30:44]} 2. Nf3 {[%clk 1:21:01]} e6
{[%clk 1:31:10]} 3. c4 {[%clk 1:21:24]} c5 {[%clk 1:31:34]} 4. Nc3
{[%clk 1:21:42]} cxd4 {[%clk 1:30:38]} 5. Nxd4 {[%clk 1:21:28]} a6
{[%clk 1:31:06]} 6. g3 {[%clk 1:16:16]} Qc7 {[%clk 1:29:57]} 7. Qd3
{[%clk 1:08:36]} d6 {[%clk 1:28:29]} 8. Bg2 {[%clk 1:08:13]} Nbd7
{[%clk 1:28:30]} 9. b3 {[%clk 1:04:36]} Be7 {[%clk 1:26:36]} 10. O-O
{[%clk 1:04:30]} O-O {[%clk 1:25:35]} 11. Bb2 {[%clk 0:59:39]} Re8
{[%clk 1:22:35]} 12. Rac1 {[%clk 0:57:11]} Bf8 {[%clk 1:21:32]} 13. Rfd1
{[%clk 0:56:07]} Ne5 {[%clk 1:12:05]} 14. Qd2 {[%clk 0:52:30]} Bd7
{[%clk 1:10:46]} 15. Ne4 {[%clk 0:51:06]} Nxe4 {[%clk 1:03:47]} 16. Bxe4
{[%clk 0:49:31]} Nc6 {[%clk 1:03:24]} 17. Ba3 {[%clk 0:31:42]} Red8
{[%clk 1:00:47]} 18. h4 {[%clk 0:29:26]} Nxd4 {[%clk 0:55:31]} 19. Qxd4
{[%clk 0:29:41]} Bc6 {[%clk 0:55:54]} 20. Bb2 {[%clk 0:25:42]} Qa5
{[%clk 0:43:14]} 21. a3 {[%clk 0:23:56]} Rac8 {[%clk 0:39:08]} 22. Qd3
{[%clk 0:22:38]} Bxe4 {[%clk 0:32:49]} 23. Qxe4 {[%clk 0:23:05]} b5
{[%clk 0:32:19]} 24. Qd3 {[%clk 0:13:13]} Qb6 {[%clk 0:24:10]} 25. e4
{[%clk 0:12:10]} bxc4 {[%clk 0:21:29]} 26. Rxc4 {[%clk 0:12:32]} Rxc4
{[%clk 0:21:31]} 27. Qxc4 {[%clk 0:12:55]} Qb7 {[%clk 0:20:44]} 28. Rc1
{[%clk 0:12:16]} d5 {[%clk 0:19:55]} 29. Qd3 {[%clk 0:12:17]} Qa8
{[%clk 0:18:29]} 30. Rd1 {[%clk 0:12:20]} Qc8 {[%clk 0:06:43]} 31. exd5
{[%clk 0:07:58]} Rxd5 {[%clk 0:06:32]} 32. Qe2 {[%clk 0:07:56]} Qd7
{[%clk 0:04:37]} 33. Rxd5 {[%clk 0:08:17]} Qxd5 {[%clk 0:05:06]} 34. Qc2
{[%clk 0:06:30]} e5 {[%clk 0:03:51]} 35. Qc4 {[%clk 0:05:19]} Qxc4
{[%clk 0:03:37]} 36. bxc4 {[%clk 0:05:48]} f6 {[%clk 0:03:57]} 37. h5
{[%clk 0:05:17]} Kf7 {[%clk 0:04:13]} 38. f3 {[%clk 0:03:54]} Ke6
{[%clk 0:04:39]} 39. g4 {[%clk 0:04:07]} g6 {[%clk 0:02:32]} 40. hxg6
{[%clk 0:04:13]} hxg6 {[%clk 0:03:01]} 41. Kf2 {[%clk 0:04:32]} f5
{[%clk 0:25:19]} 42. Ke3 {[%clk 0:31:47]} Bc5+ {[%clk 0:25:33]} 43. Kd3
{[%clk 0:32:06]} Kd6 {[%clk 0:21:58]} 44. a4 {[%clk 0:28:42]} Ke6
{[%clk 0:18:59]} 45. Bc3 {[%clk 0:26:10]} Bd6 {[%clk 0:17:43]} 46. Ba5
{[%clk 0:25:29]} Kd7 {[%clk 0:17:23]} 47. Bb6 {[%clk 0:25:18]} Kc6
{[%clk 0:16:58]} 48. Be3 {[%clk 0:25:27]} Bc5 {[%clk 0:16:29]} 49. Bg5
{[%clk 0:25:09]} Bd6 {[%clk 0:14:56]} 50. Be3 {[%clk 0:24:30]} Bc7
{[%clk 0:14:26]} 51. Bf2 {[%clk 0:23:34]} Bb6 {[%clk 0:12:10]} 52. Bh4
{[%clk 0:22:22]} Bc5 {[%clk 0:12:11]} 53. Bg3 {[%clk 0:20:08]} Bd6
{[%clk 0:08:59]} 54. Bf2 {[%clk 0:19:14]} Bc7 {[%clk 0:09:22]} 55. Be3
{[%clk 0:19:26]} Bd6 {[%clk 0:08:49]} 56. Bf2 {[%clk 0:19:40]} Bc5
{[%clk 0:07:05]} 57. Bg3 {[%clk 0:19:32]} Kd6 {[%clk 0:05:13]} 58. Be1
{[%clk 0:19:09]} Bb6 {[%clk 0:05:16]} 59. Bh4 {[%clk 0:17:47]} Bc7
{[%clk 0:04:52]} 60. Bf2 {[%clk 0:17:49]} Kc6 {[%clk 0:05:11]} 1/2-1/2

[Event "PRAGUE OPEN 2020 - A - IM open"]
[Site "?"]
[Date "2020.01.14"]
[Round "6"]
[White "Siddharth, Jagadeesh"]
[Black "Jordanov, Mihail"]
[Result "1/2-1/2"]
[BlackElo "2012"]
[WhiteElo "2301"]
[LiveChessVersion "1.4.8"]

1. d4 {[%clk 1:30:57]} Nf6 {[%clk 1:30:48]} 2. Nf3 {[%clk 1:31:19]} e6
{[%clk 1:31:07]} 3. g3 {[%clk 1:31:39]} d5 {[%clk 1:30:04]} 4. c4
{[%clk 1:32:00]} Be7 {[%clk 1:30:24]} 5. Bg2 {[%clk 1:32:23]} O-O
{[%clk 1:30:44]} 6. O-O {[%clk 1:32:47]} dxc4 {[%clk 1:31:00]} 7. Qc2
{[%clk 1:32:39]} a6 {[%clk 1:31:14]} 8. a4 {[%clk 1:33:03]} Bd7 {[%clk 1:31:34]}
9. Bg5 {[%clk 1:33:28]} Bc6 {[%clk 1:30:29]} 10. Nbd2 {[%clk 1:32:50]} h6
{[%clk 1:25:45]} 11. Bxf6 {[%clk 1:32:55]} Bxf6 {[%clk 1:26:09]} 12. Qxc4
{[%clk 1:32:44]} a5 {[%clk 1:24:49]} 13. e4 {[%clk 1:31:34]} Na6 {[%clk 1:24:43]}
14. Rfd1 {[%clk 1:30:51]} Nb4 {[%clk 1:23:15]} 15. b3 {[%clk 1:28:54]} Qd7
{[%clk 1:20:17]} 16. e5 {[%clk 1:00:41]} Be7 {[%clk 1:06:51]} 17. Ne1
{[%clk 0:52:09]} Bxg2 {[%clk 1:01:30]} 18. Nxg2 {[%clk 0:46:40]} Rfd8
{[%clk 0:53:55]} 19. Nf3 {[%clk 0:41:25]} Qc6 {[%clk 0:42:19]} 20. Qxc6
{[%clk 0:32:24]} Nxc6 {[%clk 0:42:20]} 21. Ne3 {[%clk 0:32:51]} Nb4
{[%clk 0:38:09]} 22. Rdc1 {[%clk 0:31:49]} Rd7 {[%clk 0:34:14]} 23. Rc4
{[%clk 0:29:24]} Rad8 {[%clk 0:27:50]} 24. Kg2 {[%clk 0:27:47]} Na6
{[%clk 0:26:52]} 25. Rac1 {[%clk 0:25:37]} Ba3 {[%clk 0:23:50]} 26. R1c2
{[%clk 0:24:43]} Be7 {[%clk 0:23:50]} 27. Nf1 {[%clk 0:18:04]} Bb4
{[%clk 0:15:41]} 28. g4 {[%clk 0:16:20]} b6 {[%clk 0:16:00]} 29. Ng3
{[%clk 0:13:33]} c5 {[%clk 0:16:02]} 30. Ne2 {[%clk 0:14:02]} cxd4
{[%clk 0:14:07]} 31. Nexd4 {[%clk 0:14:31]} Bc5 {[%clk 0:12:48]} 32. Nb5
{[%clk 0:13:19]} Nb4 {[%clk 0:12:05]} 33. Re2 {[%clk 0:08:20]} Rd3
{[%clk 0:11:41]} 34. Nc3 {[%clk 0:07:53]} Nd5 {[%clk 0:09:22]} 35. Rc2
{[%clk 0:08:08]} Nxc3 {[%clk 0:06:34]} 36. R4xc3 {[%clk 0:06:56]} Rxc3
{[%clk 0:05:58]} 37. Rxc3 {[%clk 0:07:24]} Rd5 {[%clk 0:06:12]} 38. Kf1
{[%clk 0:05:41]} Kf8 {[%clk 0:06:24]} 39. Ke2 {[%clk 0:06:06]} Ke7
{[%clk 0:06:44]} 40. Rc4 {[%clk 0:06:30]} Kd7 {[%clk 0:02:01]} 41. h4
{[%clk 0:01:51]} Bb4 {[%clk 0:24:13]} 42. Rf4 {[%clk 0:19:34]} Ke7
{[%clk 0:24:19]} 43. Rc4 {[%clk 0:19:46]} Kd7 {[%clk 0:24:42]} 44. Rf4
{[%clk 0:13:24]} Ke7 {[%clk 0:25:04]} 45. Rc4 {[%clk 0:13:46]} 1/2-1/2

[Event "PRAGUE OPEN 2020 - A - IM open"]
[Site "?"]
[Date "2020.01.14"]
[Round "6"]
[White "Strebkovs, Andrejs"]
[Black "Koubova, Anna Marie"]
[Result "1-0"]
[BlackElo "1930"]
[WhiteElo "2278"]
[LiveChessVersion "1.4.8"]

1. d4 Nf6 2. c4 g6 3. f3 d5 4. cxd5 Nxd5 5. e4 Nb6 6. Nc3 Bg7 7. Be3 O-O 8. Qd2
e5 9. d5 Qe7 10. h4 Qb4 11. Nb5 Qxd2+ 12. Kxd2 Na6 13. Rc1 c6 14. Nxa7 Rxa7 15.
Bxb6 Ra8 16. a3 cxd5 17. exd5 Bh6+ 18. Be3 Bxe3+ 19. Kxe3 Rd8 20. Bxa6 bxa6 21.
Rc5 Bb7 22. Ne2 Rxd5 23. Rhc1 Rad8 24. Rxd5 Bxd5 25. Rd1 Rd7 26. Nc3 Bc6 27. Rxd7
Bxd7 28. Ke4 f6 29. Kd5 Kf7 30. Kd6 Bf5 31. b4 Bd3 32. a4 Bf1 33. b5 1-0

[Event "PRAGUE OPEN 2020 - A - IM open"]
[Site "Praha, Olympik hotel"]
[Date "2020.01.14"]
[Round "6"]
[White "MARTYNYUK, Elizaveta"]
[Black "LUDVIK, Tomas"]
[Result "0-1"]
[WhiteElo "2053"]
[BlackElo "2272"]
[PlyCount "76"]
[EventDate "2020.01.10"]

1. e4 c5 2. Nf3 e6 3. d4 cxd4 4. Nxd4 Nc6 5. Nc3 Qc7 6. Be3 a6 7. Bd3 Nf6 8.
O-O b5 9. Nxc6 Qxc6 10. f3 Bb7 11. Kh1 Bc5 12. Qe2 Bxe3 13. Qxe3 d6 14. a4 b4
15. Na2 Qc5 16. Qxc5 dxc5 17. Nc1 Ke7 18. Nb3 Rhc8 19. Na5 Rc7 20. Rfd1 Nd7 21.
Nxb7 Rxb7 22. e5 Rc7 23. f4 c4 24. Be4 Raa7 25. Bxh7 g6 26. Rd4 Ra8 27. Rd6 a5
28. Rad1 Nc5 29. g4 Ne4 30. Kg2 Kf8 31. R6d4 c3 32. f5 cxb2 33. f6 Rxc2+ 34.
Kf3 Nd2+ 35. Ke3 b1=Q 36. R4xd2 Qb3+ 37. Rd3 Rc3 38. h4 Rd8 0-1

[Event "PRAGUE OPEN 2020 - A - IM open"]
[Site "Praha, Olympik hotel"]
[Date "2020.01.14"]
[Round "6"]
[White "CZERNEK, Tymon"]
[Black "ABHILASH, Reddy M.L"]
[Result "0-1"]
[WhiteElo "2038"]
[BlackElo "2258"]
[PlyCount "69"]
[EventDate "2020.01.10"]

1. e4 e5 2. Nf3 Nc6 3. Bc4 Bc5 4. O-O Nf6 5. d3 h6 6. c3 d6 7. Bb3 a6 8. h3 Ba7
9. Re1 g5 10. Nh2 g4 11. hxg4 Rg8 12. Qf3 Qe7 13. Be3 Bxe3 14. Qxe3 Nxg4 15.
Nxg4 Bxg4 16. Nd2 Rg6 17. Nf1 O-O-O 18. Bd5 Nb8 19. b4 Rdg8 20. a4 Be6 21.
Bxe6+ fxe6 22. g3 h5 23. a5 h4 24. Ra2 Qf6 25. Rb2 R8g7 26. Reb1 Nc6 27. b5
axb5 28. Rxb5 hxg3 29. fxg3 Qh4 30. Qf2 Qh3 31. Qh2 Rxg3+ 32. Nxg3 Qxg3+ 33.
Kh1 Qg4 34. Rg1 Qf3+ 35. Rg2 0-1

[Event "PRAGUE OPEN 2020 - A - IM open"]
[Site "Praha, Olympik hotel"]
[Date "2020.01.14"]
[Round "6"]
[White "RIHA, Vojtech"]
[Black "TESAR, Jan"]
[Result "1-0"]
[WhiteElo "2247"]
[BlackElo "2001"]
[PlyCount "55"]
[EventDate "2020.01.10"]

1. e4 g6 2. d4 Bg7 3. Nc3 d6 4. f4 c6 5. Nf3 Qc7 6. Bd3 Bg4 7. e5 d5 8. h3 Bxf3
9. Qxf3 e6 10. O-O Ne7 11. g4 Nd7 12. Be3 O-O-O 13. b4 Rdf8 14. b5 c5 15. dxc5
Nxc5 16. b6 axb6 17. Nb5 Qd8 18. Qf2 Kb8 19. Bxc5 bxc5 20. Qxc5 Nc8 21. Rab1 f6
22. Nd4 Na7 23. Rxb7+ Kxb7 24. Rb1+ Ka8 25. Nxe6 Rf7 26. Nxd8 Rxd8 27. e6 Bf8
28. Qa5 1-0

[Event "PRAGUE OPEN 2020 - A - IM open"]
[Site "Praha, Olympik hotel"]
[Date "2020.01.14"]
[Round "6"]
[White "STEINER, Juraj"]
[Black "PRIBYLOVA, Sofie"]
[Result "1/2-1/2"]
[WhiteElo "2004"]
[BlackElo "2156"]
[PlyCount "43"]
[EventDate "2020.01.10"]

1. c4 e5 2. Nc3 Nf6 3. d3 d5 4. cxd5 Nxd5 5. Nf3 Nc6 6. e3 Be7 7. Be2 Be6 8.
O-O O-O 9. a3 a5 10. Bd2 f5 11. Qc2 Nb6 12. Na4 Nxa4 13. Qxa4 Qd5 14. Rac1 e4
15. dxe4 fxe4 16. Bc4 Qf5 17. Nd4 Nxd4 18. exd4 Bd6 19. Rce1 Bxc4 20. Qxc4+ Kh8
21. Qe2 Rac8 22. g3 1/2-1/2

[Event "PRAGUE OPEN 2020 - A - IM open"]
[Site "Praha, Olympik hotel"]
[Date "2020.01.14"]
[Round "6"]
[White "PNIACZEK, Marek"]
[Black "PLASIL, Petr"]
[Result "1-0"]
[WhiteElo "2145"]
[BlackElo "1978"]
[PlyCount "49"]
[EventDate "2020.01.10"]

1. e4 c5 2. Nf3 Nc6 3. d4 cxd4 4. Nxd4 e5 5. Nb5 d6 6. c4 Be7 7. N5c3 Nf6 8.
Bd3 O-O 9. O-O Be6 10. Nd5 Bxd5 11. cxd5 Nd4 12. Be3 Qb6 13. Na3 Rac8 14. Nc4
Qd8 15. a4 Qd7 16. h3 g6 17. f4 Nxe4 18. fxe5 Nf5 19. Bxe4 Rxc4 20. Bxf5 gxf5
21. Bh6 Rfc8 22. Qd3 Bh4 23. Rxf5 dxe5 24. Rxe5 Qd6 25. Qxc4 1-0

[Event "PRAGUE OPEN 2020 - A - IM open"]
[Site "Praha, Olympik hotel"]
[Date "2020.01.14"]
[Round "6"]
[White "ZEMLICKA, Vit"]
[Black "KRISTIANSEN, Willy M"]
[Result "1/2-1/2"]
[WhiteElo "1935"]
[BlackElo "2137"]
[PlyCount "57"]
[EventDate "2020.01.10"]

1. e4 e5 2. Nf3 Nc6 3. d4 exd4 4. Nxd4 Nf6 5. Nxc6 bxc6 6. e5 Qe7 7. Qe2 Nd5 8.
c4 Ba6 9. Nd2 g6 10. Nf3 Qb4+ 11. Kd1 Nb6 12. b3 Bg7 13. Qd2 Qxd2+ 14. Bxd2 c5
15. Kc2 Bb7 16. Re1 O-O 17. Bd3 Rfe8 18. Bc3 Re7 19. Re2 Rae8 20. Rhe1 Bxf3 21.
gxf3 d6 22. Be4 Rd8 23. Bc6 Nc8 24. f4 Bf8 25. Re3 Kg7 26. Rd1 Kh8 27. Rh3 Kg8
28. Rhd3 Kh8 29. Bb7 1/2-1/2

[Event "PRAGUE OPEN 2020 - A - IM open"]
[Site "Praha, Olympik hotel"]
[Date "2020.01.14"]
[Round "6"]
[White "VORISEK, Jakub"]
[Black "SKURNIAK, Szymon"]
[Result "1-0"]
[WhiteElo "2229"]
[BlackElo "2030"]
[PlyCount "25"]
[EventDate "2020.01.10"]

1. e4 c5 2. Nf3 d6 3. d4 cxd4 4. Nxd4 Nf6 5. Nc3 Nc6 6. Bg5 e6 7. Be2 h6 8. Bh4
Be7 9. O-O O-O 10. Kh1 Qb6 11. Nb3 Rd8 12. f4 Nxe4 13. Bxe7 1-0

[Event "PRAGUE OPEN 2020 - A - IM open"]
[Site "Praha, Olympik hotel"]
[Date "2020.01.14"]
[Round "6"]
[White "CHUDINOVSKIKH, Alexander M"]
[Black "ORTOFT, Kai"]
[Result "1/2-1/2"]
[WhiteElo "2157"]
[BlackElo "1963"]
[PlyCount "38"]
[EventDate "2020.01.10"]

1. e4 d6 2. d4 Nf6 3. Nc3 Nbd7 4. Nf3 e5 5. Bc4 h6 6. O-O c6 7. a4 a5 8. Re1
Be7 9. h3 Qc7 10. Be3 Bf8 11. Qd2 g5 12. Nh2 Bg7 13. g3 Nh5 14. Ne2 Nhf6 15.
Ng4 Bf8 16. Nxf6+ Nxf6 17. g4 Be7 18. h4 O-O 19. h5 Kg7 1/2-1/2

[Event "PRAGUE OPEN 2020 - A - IM open"]
[Site "Praha, Olympik hotel"]
[Date "2020.01.14"]
[Round "6"]
[White "LAVERTON, Christian"]
[Black "AIRD, Ian"]
[Result "1-0"]
[WhiteElo "2109"]
[BlackElo "1857"]
[PlyCount "57"]
[EventDate "2020.01.10"]

1. d4 d5 2. c4 e6 3. Nf3 Nf6 4. g3 Be7 5. Bg2 O-O 6. O-O dxc4 7. Qc2 a6 8. Qxc4
b5 9. Qc2 Bb7 10. Bg5 Nbd7 11. Bxf6 Nxf6 12. Nbd2 Rc8 13. Nb3 Be4 14. Qc1 Qd6
15. Qe3 Bd5 16. Nc5 Qb6 17. Ne5 Bxg2 18. Kxg2 Rfd8 19. b4 Ra8 20. Qf3 Bd6 21.
Nc6 Re8 22. Rac1 Rac8 23. Nd3 Bf8 24. Nde5 Bd6 25. Rfd1 Bf8 26. a3 Bd6 27. e3
Bf8 28. g4 h6 29. h4 1-0

[Event "PRAGUE OPEN 2020 - A - IM open"]
[Site "Praha, Olympik hotel"]
[Date "2020.01.14"]
[Round "6"]
[White "NAHORNYI, Ihor"]
[Black "OCELAK, Jakub"]
[Result "1/2-1/2"]
[WhiteElo "2074"]
[BlackElo "1786"]
[PlyCount "62"]
[EventDate "2020.01.10"]

1. e4 c5 2. Nf3 e6 3. d4 cxd4 4. Nxd4 Nf6 5. Nc3 Nc6 6. Ndb5 Bb4 7. a3 Bxc3+ 8.
Nxc3 d5 9. exd5 exd5 10. Bd3 O-O 11. O-O d4 12. Ne2 Bg4 13. Bg5 h6 14. Bh4 Bxe2
15. Qxe2 Qd6 16. Rfe1 Rfe8 17. Qf3 Ne5 18. Qf5 Nxd3 19. Qxd3 Nd7 20. Red1 Ne5
21. Qb5 Qc6 22. Qxc6 Nxc6 23. Kf1 f5 24. f3 Re5 25. Bf2 Rb5 26. b3 Rc5 27. c4
Rd8 28. Rac1 Ra5 29. a4 Re5 30. Rd3 Re7 31. Rcd1 Red7 1/2-1/2

[Event "PRAGUE OPEN 2020 - A - IM open"]
[Site "Praha, Olympik hotel"]
[Date "2020.01.14"]
[Round "6"]
[White "VAIBHAV, Kalpaka"]
[Black "LLOPIS DE AYSA, Manuel"]
[Result "0-1"]
[WhiteElo "1652"]
[BlackElo "2066"]
[PlyCount "60"]
[EventDate "2020.01.10"]

1. e4 g6 2. d4 Bg7 3. Nf3 d6 4. h3 Nf6 5. Nc3 O-O 6. Bc4 c6 7. a4 d5 8. exd5
cxd5 9. Bd3 Nc6 10. O-O a6 11. Ne2 Ne4 12. c3 e5 13. dxe5 Nxe5 14. Nxe5 Bxe5
15. Be3 Qc7 16. f3 Nd6 17. Bd4 Nf5 18. Bxf5 Bxf5 19. g4 Bd7 20. f4 Bd6 21. b3
Rae8 22. Nc1 Bxf4 23. Qf3 Be5 24. Nd3 Bxd4+ 25. cxd4 Qc3 26. Rfd1 Qxd4+ 27. Nf2
Qe3 28. Qxd5 Qg3+ 29. Kf1 Bc6 30. Rd3 Qh2 0-1